000 00803nam a2200229Ia 4500
003 GCL
008 140319s9999 xx 000 0 ara d
040 _aGCL /
_cGCL
082 0 4 _a361.2
_bب ب
100 1 _aبلاكيلى، ادوارد ج.
245 1 0 _aبحوث تنمية المجتمع: المفاهيم والقاضايا, والاستراجيات /
_cبلاكيلى، ادوارد ج.
700 1 _aحمدى الحناوى
700 1 _aمدحت محمد ابو النصر
260 _a[S.N] :
_bالدار العربية للعلوم ،
_c1990
300 _a192 ص
490 _a
650 0 4 _aالتنمية الاجتماعية
650 0 4 _aالاجتماع
650 0 4 _aالدراسات الاجتماعية
650 0 4 _aالبحوث الاجتماعية
942 _2ddc
_cBK
999 _c54638
_d54638